| Tag |
First Indicator |
Second Indicator |
Subfields |
| LEADER |
00000cam a2200000 4500 |
| 001 |
in00000095828 |
| 005 |
20150925085736.0 |
| 008 |
800401s1864 nyua 00010 eng d |
| 035 |
|
|
|a (OCoLC)06154785
|
| 035 |
|
|
|9 AAL2051AM
|
| 040 |
|
|
|a TXA
|c TXA
|d UtOrBLW
|
| 049 |
|
|
|a TXAM
|c [1016134]
|
| 090 |
|
|
|a TA145
|b .M3 1864
|
| 100 |
1 |
|
|a Mahan, D. H.
|q (Dennis Hart),
|d 1802-1871.
|
| 245 |
1 |
3 |
|a An elementary course of civil engineering, for the use of cadets of the United States' military academy /
|c by D. H. Mahan.
|
| 250 |
|
|
|a 6th ed.,
|b with large addenda and many new cuts.
|
| 264 |
|
1 |
|a New York :
|b Wiley,
|c 1864.
|
| 300 |
|
|
|a v, 401 pages :
|b illustrations
|
| 336 |
|
|
|a text
|b txt
|2 rdacontent
|
| 337 |
|
|
|a unmediated
|b n
|2 rdamedia
|
| 338 |
|
|
|a volume
|b nc
|2 rdacarrier
|
| 650 |
|
0 |
|a Civil engineering.
|
| 999 |
|
|
|a MARS
|
| 999 |
f |
f |
|s b48050c5-b14f-31e1-8ce6-9b3393d6be78
|i 2472934f-4c00-3ffe-aecb-dfcb691cacfb
|t 0
|
| 952 |
f |
f |
|p ric
|a Texas A&M University
|b Rellis Campus
|c Joint Library Facility
|d Remote Storage
|t 0
|e TA145 .M3 1864
|h Library of Congress classification
|i unmediated -- volume
|m A14805291255
|
| 998 |
f |
f |
|a TA145 .M3 1864
|t 0
|l Remote Storage
|